| 000 | 00697nam a2200217 a 4500 | ||
|---|---|---|---|
| 005 | 20140310183553.0 | ||
| 008 | 111017s19uu xx 00 eng d | ||
| 020 | _a9780876590676 | ||
| 050 |
_aLB 1585.3 _b.Ev96 2009 |
||
| 100 | _aEvitt, Marie Faust | ||
| 245 |
_aThinking big, learning big : _bconnecting science, math, literacy, and language in early childhood / _cMarie Faust Evitt, et al. |
||
| 260 |
_aMaryland : _bGryphon House, _c2009. |
||
| 300 |
_a312 p. : _bcol. ill. ; _c28 cm. |
||
| 521 | _aEDU | ||
| 650 |
_aScience _xStudy and teaching |
||
| 650 |
_aEducation _xElementary |
||
| 700 | _aDobbins, Tim | ||
| 700 | _aWeesen-Baer, Bobbi | ||
| 942 |
_cBK _2lcc _kFOR |
||
| 999 |
_c24977 _d24977 |
||